<?xml version="1.0" encoding="UTF-8"?>
<record
    xmlns:xsi="http://www.w3.org/2001/XMLSchema-instance"
    xsi:schemaLocation="http://www.loc.gov/MARC21/slim http://www.loc.gov/standards/marcxml/schema/MARC21slim.xsd"
    xmlns="http://www.loc.gov/MARC21/slim">

  <leader>01627nam a2200445   4500</leader>
  <datafield tag="999" ind1=" " ind2=" ">
    <subfield code="c">24142</subfield>
    <subfield code="d">24142</subfield>
  </datafield>
  <controlfield tag="001">vtls012287445</controlfield>
  <controlfield tag="005">20260218101322.0</controlfield>
  <controlfield tag="008">251117s2025    xo oda g f    000 0 slo  </controlfield>
  <datafield tag="020" ind1=" " ind2=" ">
    <subfield code="a">9788022217330</subfield>
    <subfield code="q">(bro&#x17E;ovan&#xE9;)</subfield>
  </datafield>
  <datafield tag="040" ind1=" " ind2=" ">
    <subfield code="a">SNK</subfield>
    <subfield code="b">slo</subfield>
    <subfield code="c">SNK</subfield>
    <subfield code="e">rda</subfield>
  </datafield>
  <datafield tag="041" ind1="0" ind2=" ">
    <subfield code="a">slo</subfield>
  </datafield>
  <datafield tag="044" ind1=" " ind2=" ">
    <subfield code="a">xo</subfield>
    <subfield code="c">SK</subfield>
  </datafield>
  <datafield tag="072" ind1=" " ind2="7">
    <subfield code="a">336.7</subfield>
    <subfield code="x">Financie</subfield>
    <subfield code="2">konspekt</subfield>
  </datafield>
  <datafield tag="080" ind1=" " ind2=" ">
    <subfield code="a">336</subfield>
    <subfield code="2">2011</subfield>
  </datafield>
  <datafield tag="080" ind1=" " ind2=" ">
    <subfield code="a">(035)</subfield>
    <subfield code="2">2011</subfield>
  </datafield>
  <datafield tag="080" ind1=" " ind2=" ">
    <subfield code="a">17.024.4:336.7</subfield>
    <subfield code="2">2011</subfield>
  </datafield>
  <datafield tag="100" ind1="1" ind2=" ">
    <subfield code="a">Hrbat&#xFD;, Juraj</subfield>
    <subfield code="4">aut</subfield>
    <subfield code="9">5420</subfield>
  </datafield>
  <datafield tag="245" ind1="1" ind2="0">
    <subfield code="a">Ko&#x13E;ko stoj&#xED; va&#x161;e &#x161;&#x165;astie?</subfield>
    <subfield code="b">10 krokov, ako si z v&#xFD;platy vybudova&#x165; bohatstvo a z&#xED;ska&#x165; slobodu</subfield>
    <subfield code="c">Juraj Hrbat&#xFD;, J&#xE1;n Tonka, &#x160;imon Pekar</subfield>
  </datafield>
  <datafield tag="246" ind1="3" ind2="0">
    <subfield code="a">10 krokov, ako si z v&#xFD;platy vybudova&#x165; bohatstvo a z&#xED;ska&#x165; slobodu</subfield>
  </datafield>
  <datafield tag="246" ind1="3" ind2=" ">
    <subfield code="a">Desa&#x165; krokov, ako si z v&#xFD;platy vybudova&#x165; bohatstvo a z&#xED;ska&#x165; slobodu</subfield>
  </datafield>
  <datafield tag="250" ind1=" " ind2=" ">
    <subfield code="a">Vydanie I.</subfield>
  </datafield>
  <datafield tag="264" ind1=" " ind2="1">
    <subfield code="a">Bratislava</subfield>
    <subfield code="b">Tatran</subfield>
    <subfield code="c">2025</subfield>
  </datafield>
  <datafield tag="300" ind1=" " ind2=" ">
    <subfield code="a">237 str&#xE1;n</subfield>
    <subfield code="b">fotografie, grafy, tabu&#x13E;ky</subfield>
    <subfield code="c">23 cm</subfield>
  </datafield>
  <datafield tag="336" ind1=" " ind2=" ">
    <subfield code="a">text</subfield>
    <subfield code="b">txt</subfield>
    <subfield code="2">rdacontent</subfield>
  </datafield>
  <datafield tag="337" ind1=" " ind2=" ">
    <subfield code="a">bez m&#xE9;dia</subfield>
    <subfield code="b">n</subfield>
    <subfield code="2">rdamedia</subfield>
  </datafield>
  <datafield tag="338" ind1=" " ind2=" ">
    <subfield code="a">zv&#xE4;zok</subfield>
    <subfield code="b">nc</subfield>
    <subfield code="2">rdacarrier</subfield>
  </datafield>
  <datafield tag="490" ind1="1" ind2=" ">
    <subfield code="a">Slovensk&#xE1; tvorba</subfield>
    <subfield code="v">160. zv&#xE4;zok</subfield>
  </datafield>
  <datafield tag="500" ind1=" " ind2=" ">
    <subfield code="a">Obsahuje profesijn&#xE9; &#xFA;daje o autoroch</subfield>
  </datafield>
  <datafield tag="500" ind1=" " ind2=" ">
    <subfield code="a">Obsahuje zdroje cit&#xE1;tov</subfield>
  </datafield>
  <datafield tag="650" ind1="0" ind2="7">
    <subfield code="a">financie</subfield>
    <subfield code="2">SNKPH</subfield>
    <subfield code="9">5421</subfield>
  </datafield>
  <datafield tag="650" ind1="0" ind2="7">
    <subfield code="a">finan&#x10D;n&#xFD; &#xFA;spech</subfield>
    <subfield code="2">SNKPH</subfield>
    <subfield code="9">5422</subfield>
  </datafield>
  <datafield tag="650" ind1="0" ind2="7">
    <subfield code="a">Finance</subfield>
    <subfield code="2">SNKPHeng</subfield>
    <subfield code="9">5423</subfield>
  </datafield>
  <datafield tag="650" ind1="0" ind2="7">
    <subfield code="a">Financial success</subfield>
    <subfield code="2">SNKPHeng</subfield>
    <subfield code="9">5424</subfield>
  </datafield>
  <datafield tag="655" ind1=" " ind2="7">
    <subfield code="a">pr&#xED;ru&#x10D;ky</subfield>
    <subfield code="2">SNKPH</subfield>
    <subfield code="9">1541</subfield>
  </datafield>
  <datafield tag="655" ind1=" " ind2="7">
    <subfield code="a">Handbooks, manuals, etc.</subfield>
    <subfield code="2">SNKPHeng</subfield>
    <subfield code="9">1630</subfield>
  </datafield>
  <datafield tag="700" ind1="1" ind2=" ">
    <subfield code="a">Tonka, J&#xE1;n</subfield>
    <subfield code="4">aut</subfield>
    <subfield code="9">5425</subfield>
  </datafield>
  <datafield tag="700" ind1="1" ind2=" ">
    <subfield code="a">Pekar, &#x160;imon</subfield>
    <subfield code="4">aut</subfield>
    <subfield code="9">5426</subfield>
  </datafield>
  <datafield tag="700" ind1="1" ind2=" ">
    <subfield code="a">Zentko, Peter</subfield>
    <subfield code="4">bjd</subfield>
    <subfield code="9">5357</subfield>
  </datafield>
  <datafield tag="952" ind1=" " ind2=" ">
    <subfield code="0">0</subfield>
    <subfield code="1">0</subfield>
    <subfield code="2">udc</subfield>
    <subfield code="4">0</subfield>
    <subfield code="7">0</subfield>
    <subfield code="8">K</subfield>
    <subfield code="a">10000</subfield>
    <subfield code="b">10000</subfield>
    <subfield code="d">2026-02-18</subfield>
    <subfield code="g">15.90</subfield>
    <subfield code="i">22514</subfield>
    <subfield code="o">B11030</subfield>
    <subfield code="p">B11030</subfield>
    <subfield code="r">2026-02-18</subfield>
    <subfield code="w">2026-02-18</subfield>
    <subfield code="y">KLDO</subfield>
  </datafield>
</record>
